Gramática descriptiva de la lengua española

Gespeichert in:
Bibliographische Detailangaben
Körperschaft: Real Academia Española (VerfasserIn)
Format: Buch
Sprache:Spanisch
Veröffentlicht: Madrid Espasa Calpe 1999
Schriftenreihe:Colección Nebrija y Bello
Schlagworte:
Tags: Tag hinzufügen
Keine Tags, Fügen Sie den ersten Tag hinzu!

MARC

LEADER 00000nam a2200000 a 4500
001 UCN7677
003 CL-VaPUC
008 011019e19990000SP |||||||||||||||||spa|d
082 0 4 |a 465  |b REA  |2 21 
110 2 |a Real Academia Española  |e author  |9 463659 
245 1 0 |a Gramática descriptiva de la lengua española 
300 |a 3 v 
942 |c BK 
945 |d 20011019 00:00:00  |a rbrito 
260 |a Madrid  |b Espasa Calpe  |c 1999 
500 |a v.1: Sintaxis básica de las clases de palabras 
500 |a v.2: Las construcciones sintácticas fundamentales, relaciones temporales, aspectuales y modales 
500 |a v.3 :Entre la oración y el discurso, morfología 
650 0 |a Español  |9 255372 
650 0 |a Gramática  |9 270497 
650 0 |a Sintaxis  |9 318843 
650 0 |a Morfología  |9 334440 
650 0 |a Análisis del discurso  |9 256696 
583 |a last modification  |c 20011019 00:00:00  |k Rodrigo Vera 
490 0 |a Colección Nebrija y Bello 
999 |c 297893  |d 297891 
952 |0 0  |1 0  |4 0  |6 465_000000000000000_REA_1999  |7 0  |8 A  |9 352935  |a FDOPOS  |b FDOPOS  |d 2019-11-21  |h v.2  |i 3763242  |o 465 REA 1999  |p 3763242  |r 2025-01-22  |w 2019-11-21  |y BK  |k MLA 
952 |0 0  |1 0  |4 0  |6 465_000000000000000_REA_1999  |7 0  |8 A  |9 352936  |a FDOPOS  |b FDOPOS  |d 2019-11-21  |h v.3  |i 3763250  |o 465 REA 1999  |p 3763250  |r 2025-01-22  |w 2019-11-21  |y BK  |k MLA